Normal view
MARC view
- Trees
Entry Topical Term
001 - CONTROL NUMBER
- control field: 119724
003 - CONTROL NUMBER IDENTIFIER
- control field: NUST
005 - DATE AND TIME OF LATEST TRANSACTION
- control field: 20231213144455.0
008 - FIXED-LENGTH DATA ELEMENTS
- fixed length control field: 231213|| aca||aabn | a|a d
040 ## - CATALOGING SOURCE
- Original cataloging agency: NUST
- Transcribing agency: NUST
150 ## - HEADING--TOPICAL TERM
- Topical term or geographic name entry element: Trees
- Geographic subdivision: New Zealand
- Form subdivision: Identification
670 ## - SOURCE DATA FOUND
- Source citation: Work cat.: (NUST)0: Salmon, John T. (John Tenison), 1910- 119723, The Reed field guide to New Zealand native trees /, 2004.
